LIBRARY & INFORMATION CENTRE, KCAET, TAVANUR

ONLINE PUBLIC ACCESS CATALOGUE (OPAC)

Engineering physics (Record no. 14041)

MARC details
000 -LEADER
fixed length control field 00312nam a22001337a 4500
020 ## - INTERNATIONAL STANDARD BOOK NUMBER
ISBN 9788122422719
020 ## - INTERNATIONAL STANDARD BOOK NUMBER
ISBN 8122422713
082 ## - DEWEY DECIMAL CLASSIFICATION NUMBER
Classification number 530
Item number SRI/EN
100 ## - MAIN ENTRY--AUTHOR NAME
Personal name Srinivasan, M.R
245 ## - TITLE STATEMENT
Title Engineering physics
260 ## - PUBLICATION, DISTRIBUTION, ETC. (IMPRINT)
Place of publication New Delhi
Name of publisher New Age International (P) Ltd.
Year of publication 2008
300 ## - PHYSICAL DESCRIPTION
Number of Pages 488p
942 ## - ADDED ENTRY ELEMENTS (KOHA)
Koha item type Books
Holdings
Withdrawn status Lost status Damaged status Collection code Home library Current library Shelving location Date acquired Source of acquisition Cost, normal purchase price Full call number Accession Number Koha item type
      Non-fiction KAUAET KAUAET General Stacks 30/03/2013 Aman Book Stall, Calicut 250.00 530 SRI/EN 24031 Books
free website counter